• 首页
  • 本馆介绍
  • 公告通知
  • 最新文献
  • 馆藏检索
  • 电子资源
  • 读者导购
  • 参考咨询
  • 我的图书馆
  • 登录
  • 详细信息显示
  • 放入我的书架
  • 预约/预借图书
  • 作者相关作品
  • 分类相关作品
  • 丛书相关作品
  • 出版社相关作品

书目信息

  • 表格格式
  • 工作单格式
  • 卡片格式
题名:
胡适论治学
    
 
作者: 胡适 著 ;陈平原 选编
分册:  
出版信息: 合肥   安徽教育出版社  2010.9
页数: 231页
开本: 23cm
丛书名: 胡适经典论丛
单 册:
中图分类: G795
科图分类:
主题词: 治学方法
电子资源:
ISBN: 978-7-5336-4544-1
000 00785oam2 2200289 45
001 515
005 20120531163407.37
010    @a978-7-5336-4544-1@dCNY23.00
100    @a20120328d2010 em y0chiy0110 ea
101 0  @achi
102    @aCN@b340000
105    @ay z 000yy
106    @ar
200 1  @a胡适论治学@AHu Shi Lun Zhi Xue@f胡适著@FHu Shi Zhu@g陈平原选编
205    @a2版
210    @a合肥@c安徽教育出版社@d2010.9
215    @a231页@d23cm
225 2  @a胡适经典论丛
461  0 @12001 @a胡适经典论丛
600  0 @a胡适@f(1891-1962)
600  0 @a胡适@f(1891-1962)@x治学方法
606 0  @a治学方法
690    @aG795@v4
701  0 @a胡适@AHu Shi@4著
702  0 @a陈平原@AChen Ping Yuan@4选编
801  0 @aCN@bTSTCL@c20120328
905    @b0814217-23@dG795@e231=2@f7
    
    胡适论治学/胡适著/陈平原选编.-2版.-合肥:安徽教育出版社,2010.9
    231页;23cm.-(胡适经典论丛)
    
    
    ISBN 978-7-5336-4544-1:CNY23.00
    
●
相关链接 在E读中查询图书 在五车中查询图书 在当当中查询图书 在豆瓣中查询图书


正题名:胡适论治学     索取号:G795/231=2         预约/预借

序号 登录号 条形码 馆藏地/架位号 状态 备注
1 0814217   208142179   第一样本阅览室/ [索取号:G795/231=2] 在馆    
2 0814218   208142188   第四借阅区/ [索取号:G795/231=2] 在馆    
3 0814219   208142197   第四借阅区/ [索取号:G795/231=2] 在馆    
4 0814220   208142204   第四借阅区/ [索取号:G795/231=2] 在馆    
5 0814221   208142213   第四借阅区/ [索取号:G795/231=2] 在馆    
6 0814222   208142222   第四借阅区/ [索取号:G795/231=2] 在馆    
7 0814223   208142231   第四借阅区/ [索取号:G795/231=2] 在馆    
唐山师范学院图书馆 欢迎您!
大连网信软件有限公司© 版权所有